000 00616nam a2200241 a 4500
005 20210219153532.0
008 991125n 000 0 u
035 _aUPN01000105249
100 _aBrown, Byron W.
222 _aECONOMICS OF EDUCATION REVIEW
245 _aWhy governments run schools
300 _a287-300
362 _a11, No. 4, 1992
505 _aJunio 1993
653 0 _aELECCION ESCOLAR
653 0 _aMERCADO LABORAL
653 0 _aMODELOS
653 0 _aORGANIZACION EDUCATIVA
653 0 _aPRIVATIZACION
653 0 _aROL DEL GOBIERNO
904 _aAC
_b043060
905 _aArticulo
999 _c79368
_d79368